| 000 | 00682nam a2200217 a 4500 | ||
|---|---|---|---|
| 005 | 20141124155342.0 | ||
| 008 | 140127b1995 ck ||||| |||| 00| 0 spa d | ||
| 040 |
_aCO-BoIH _cCO-BoIH |
||
| 041 | _aspa | ||
| 044 | _ack | ||
| 090 |
_aIAVH _b00564 |
||
| 100 | 1 |
_aMendoza Cifuentes, Humberto _94236 |
|
| 245 | 1 | 0 | _aCorredor PNN Purace-Cueva de los Guácharos |
| 260 |
_aBogotá : _bInstituto Alexander von Humboldt, _c1995? |
||
| 300 |
_a57 p. _c28 cm. |
||
| 650 | 0 | 4 |
_aFlora _zParque Nacional Natural Puracé _929036 |
| 651 |
_aColombia _zParque Nacional Natural Puracé _929037 |
||
| 662 |
_aColombia _cCuenca de los Guácharos _bHuila |
||
| 942 |
_2z _cINFORME |
||
| 945 | _d2006-12-05 | ||
| 999 |
_c5415 _d5415 |
||